000 00288nam a2200121Ia 4500
008 190216s9999||||xx |||||||||||||| ||und||
100 _aSheela Jhum Jhum Wala
245 0 _aHindi-Sine Sitaram Ke Anehuye Prasang
260 _bKitab-Ghar
300 _a144
650 _aHindi
942 _cBK
999 _c16214
_d16214